Stav českého zemědělství

Bibliographic Details
Format: Article
Language:Slovak
Czech
PhysicalDescription:Obr. 3, tab. 2
ISSN:0323-2670
Subjects:

MARC

LEADER 00000nab a2200000 a 4500
001 vtls000526007
003 SK-MaSNL
005 20260304093326.0
008 250425c1994 xo 0 slo
015 |a SNBRB19rr/mm-uuuuu 
035 |a CL0526145 
035 |a urn:nbn:sk:snk-ab2sic 
035 |a (urnnbn)urn:nbn:sk:snk:ar-a02vfm 
035 |a (uuid)638ab836-81c3-44a2-bdaf-ed5af134c979 
040 |a SNKBUCL  |b slo  |c SNKBUCL  |e AACR2 
041 0 |a cze 
044 |a xo  |c SK 
080 |a 631(437.1/.2):338.43  |2 1981 
080 |a 338.43  |2 1981 
245 0 0 |a Stav českého zemědělství 
300 |b Obr. 3, tab. 2 
500 |a Nesprávne uvedený ročník časopisu 
650 0 7 |a poľnohospodárstvo  |2 snkbucl  |9 679 
650 0 7 |a Česká republika  |2 snkbucl  |9 894061 
655 7 |a články z novín a časopisov  |2 snkbucl  |9 267496 
773 0 |t Agroekonomika  |g Roč. 3, č. 7 (1994), s. 296-297  |x 0323-2670 
850 |a Slovenská národná knižnica 
852 |a Slovenská národná knižnica 
954 |a odborná, vedecká literatúra cudzojazyčná (svetová)  |2 lita 
954 |a odborná, vedecká literatúra pôvodná (slovenská)  |2 lita 
958 |a article27 
958 |a OND 
958 |a RK 
958 |a CZ 
958 |a EUIPO 
992 |a RBX 
999 |c 2822678  |d 2824608